Top 15 der betroffenen Covid-19-Länder - 2. Mai - Statistiken

Allgemein
  • Dieses Quiz wurde 21 mal gespielt
  • Das Durchschnittsergebnis liegt bei 14 aus 23
Antwortstatistiken
Land % Korrekt
China
95%
Deutschland
90%
Vereinigte Staaten
90%
Spanien
85%
Brasilien
80%
Frankreich
80%
Italien
80%
Russland
75%
Vereinigtes Königreich
75%
Kanada
70%
Türkei
70%
Schweiz
65%
Belgien
60%
Belgien
60%
Schweden
60%
Niederlande
55%
Portugal
55%
Iran
50%
Irland
35%
Katar
20%
Peru
20%
Singapur
15%
Bahrain
5%
Keine übereinstimmenden Quizze gefunden
Verteilung der Resultate
Anzahl Personen mit jedem Resultat
Perzentil nach korrekt beantworteten Fragen
Ihre Resultats-Entwicklung
Sie haben dieses Quiz noch nicht gespielt